櫻坂46の全楽曲 - Statistics

General Stats
  • This quiz has been taken 75 times
  • The average score is 40 of 91
Answer Stats
Answer % Correct
4th Single 五月雨よ
89%
2nd Single BAN
89%
1st Single Nobody's fault
86%
5th Single 桜月
82%
9th Single 自業自得
82%
3rd Single 流れ弾
77%
6th Single Start over!
77%
7th Single 承認欲求
73%
8th Single 何歳の頃に戻りたいのか?
68%
11th Single UDAGAWA GENERATION
68%
12th Single Make or Break
66%
1st Album 摩擦係数
64%
6th Single 静寂の暴力
64%
6th Single ドローン旋回中
64%
3rd Single 無言の宇宙
61%
1st Single Buddies
61%
10th Single I want tomorrow to come
61%
5th Single 夏の近道
57%
8th Single 何度 LOVE SONGの歌詞を読み返しただろう
57%
6th Single コンビナート
55%
12th Single 死んだふり
55%
6th Single Anthem time
55%
1st Single 最終の地下鉄に乗って
52%
7th Single マモリビト
52%
9th Single 愛し合いなさい
52%
8th Single 油を注せ!
50%
4th Single 僕のジレンマ
48%
4th Single 制服の人魚
48%
2nd Album Addiction
48%
1st Single なぜ 恋をして来なかったんだろう?
45%
2nd Single 櫻坂の詩
45%
5th Single その日まで
45%
10th Single 本質的なこと
45%
10th Single 僕は僕を好きになれない
45%
5th Single Cool
45%
2nd Single Microscope
45%
11th Single 紋白蝶が確か飛んでた
43%
12th Single 港区パセリ
43%
4th Single I'm in
43%
10th Single TOKYO SNOW
43%
2nd Single 偶然の答え
41%
2nd Single 思ったよりも寂しくない
41%
3rd Single ソニア
41%
7th Single 隙間風よ
41%
1st Single ブルームーンキス
39%
3rd Single ジャマイカビール
39%
4th Single 車間距離
39%
5th Single 無念
39%
7th Single 確信的クロワッサン
39%
12th Single 真夏の大統領
39%
3rd Single Dead end
39%
7th Single 僕たちの La vie en rose
39%
2nd Single 君と僕と洗濯物
36%
4th Single 断絶
36%
1st Album ずっと 春だったらなあ
36%
7th Single マンホールの蓋の上
36%
9th Single 引きこもる時間はない
36%
9th Single 標識
36%
2nd Single それが愛なのね
34%
9th Single もう一曲 欲しいのかい?
34%
11th Single Nothing special
34%
1st Album タイムマシーンでYeah!
34%
1st Album 条件反射で泣けて来る
32%
8th Single 恋は向いてない
32%
9th Single イザベルについて
32%
9th Single 縁起担ぎ
32%
11th Single 行かないで
32%
1st Single 半信半疑
30%
4th Single 恋が絶滅する日
30%
6th Single 風の音
30%
8th Single 心の影絵
30%
12th Single 恋愛無双
30%
12th Single ノンアルコール
30%
7th Single Don't cut in line!
30%
11th Single Nightmare症候群
30%
3rd Single On my way
30%
11th Single ULTRAVIOLET
30%
6th Single 一瞬の馬
27%
5th Single 魂のLiar
27%
3rd Single 美しきNervous
27%
5th Single もしかしたら真実
25%
8th Single 真夏に何か起きるのかしら
25%
10th Single 19歳のガレット
25%
1st Album One-way stairs
25%
1st Single Plastic regret
25%
7th Single 君がサヨナラ言えたって…
23%
10th Single 嵐の前、世界の終わり
23%
11th Single やるしかないじゃん
23%
10th Single 今さらSuddenly
23%
12th Single 君のことを思いながら
20%
8th Single 泣かせて Hold me tight!
20%
No matching quizzes found
Score Distribution
Percent of People with Each Score
Percentile by Number Answered
Your Score History
You have not taken this quiz